| 000 | 00497nam a2200181Ia 4500 | ||
|---|---|---|---|
| 001 | 20569 | ||
| 005 | 20260306172815.0 | ||
| 008 | 260306t2013||||xx |||||||||||||| ||spa|| | ||
| 041 | _aESP | ||
| 082 |
_a343.4 _bL86 |
||
| 100 |
_aLópez Flores, Berly javier _eAUT |
||
| 245 | 0 |
_aAmparo contra resoluciones judiciales: _bcomo llevar un caso ordinario a un proceso de amparo |
|
| 260 | _c2013 | ||
| 300 |
_a262 páginas : _c24 cm. |
||
| 650 | _aGEN | ||
| 654 | _aCDE | ||
| 942 |
_cLIB _dJUS _fJUS _2ddc _n |
||
| 999 |
_c20569 _d20569 |
||